Loading...
| Science - Chemistry | 3 | 2 | 1 | 0 | 60 | 25 | 55.40 | 2 | 5 | 28.39 | 45.83 |
| Science - Physics | 3 | 2 | 2 | 0 | 55 | 13 | 40.60 | 3 | 5 | 35.16 | 50.00 |
| Fine Arts - Classical Music | 3 | 1 | 1 | 0 | 50 | 20 | 50.50 | 3 | 3 | 27.05 | 37.50 |
| Science - Biology | 3 | 0 | 1 | 0 | 40 | 16 | 28.67 | 1 | 3 | 24.34 | 30.56 |
| Fine Arts - Other | 2 | 1 | 0 | 0 | 40 | 53 | 66.00 | 2 | 3 | 15.44 | 31.94 |
| Science - Other | 2 | 1 | 1 | 0 | 35 | 30 | 43.00 | 2 | 3 | 24.49 | 34.38 |
| Fine Arts - Painting and Sculpture | 2 | 0 | 2 | 0 | 20 | 42 | 56.50 | 0 | 2 | 13.29 | 15.28 |
| Social Science | 1 | 0 | 0 | 0 | 15 | 61 | 61.00 | 0 | 0 | 5.77 | 6.94 |
| History - Ancient/Other | 1 | 0 | 0 | 0 | 15 | 25 | 25.00 | 0 | 1 | 11.26 | 12.50 |
| Literature - American | 1 | 0 | 0 | 0 | 15 | 56 | 56.00 | 0 | 1 | 6.88 | 6.94 |
| Literature - European | 1 | 0 | 0 | 0 | 15 | 68 | 68.00 | 0 | 1 | 6.17 | 8.33 |
| Philosophy | 0 | 1 | 0 | 0 | 10 | 97 | 97.00 | 0 | 1 | 3.07 | 5.56 |
| History - World | 0 | 1 | 0 | 0 | 10 | 57 | 57.00 | 0 | 1 | 5.41 | 8.33 |
| Geography | 0 | 0 | 1 | 0 | -5 | 0.00 | 0 | 0 | 0.00 | 0.00 |